| 000 | 00627 a2200193 4500 | ||
|---|---|---|---|
| 999 |
_c6072 _d6072 |
||
| 020 | _a899500501792330 | ||
| 050 | _aHD5106 SPU 2003 | ||
| 100 |
_aSpurgeon, Anne _eauthor |
||
| 245 |
_aWorking time : _b its impact on safety and health / _cAnne Spurgeon |
||
| 264 |
_aGeneva : _bInternational Labour Office Bureau International du Travail, _cc2003 |
||
| 300 | _a143p. | ||
| 500 | _aIncludes bibliographical references | ||
| 650 |
_aWork _xPhysiological aspects |
||
| 650 | _aFlextime | ||
| 650 | _aHours of labour | ||
| 650 | _aIndustrial safety | ||
| 710 | _aInternational Labour Office | ||
| 942 |
_2lcc _cBK _h5106 _iSPU _kHD |
||